El Salvador update: labor under siege. A report on the Salvadorean trade union movement october, 1985

Guardat en:
Dades bibliogràfiques
Autor corporatiu: RESCATE
Format: Text
Publicat: Los Angeles: El Rescate
Etiquetes: Afegir etiqueta
Sense etiquetes, Sigues el primer a etiquetar aquest registre!

MARC

LEADER 00000 a a2200000 04500
001 21077
003
040
090 |a 091100  
110 |a RESCATE  
245 |a El Salvador update: labor under siege. A report on the Salvadorean trade union movement october, 1985  
260 |a Los Angeles:   |b El Rescate  
300 |a 24 p.  
999 |c 10514  |d 10514